000 00640cab a2200205 4500
001 WB2618-26
008 090401t1990 xxu||||| |||| 00| 0 eng d
035 _a(Sirsi) u52066
041 _aeng
245 _aWayleave payment rates 1990
260 _c1990
350 _a0
490 _aScottish Power
_v3 May 1990 (2)
520 _aThe Schedule of Revised Rent and Compensation Rates recently agreed with the National Farmers` Union of Scotland and the Scottish Land Owners` Federation.
650 _aELECTRICITY LINES
650 _aWAYLEAVES
690 _aHIGHWAYS RIGHTS OF WAY AND EASEMENTS
942 _n0
948 _c04/03/1997
999 _c32299
_d32299